| 000 | 00596cam a2200217 4500 | ||
|---|---|---|---|
| 001 | J2267 | ||
| 008 | 090401t xxu||||| |||| 00| 0 eng d | ||
| 035 | _a(Sirsi) u48014 | ||
| 041 | _aeng | ||
| 050 | _a333.3370942132 | ||
| 110 |
_aJones Lang Wootton _92909 |
||
| 245 | _aQuarterly review: London West End offices. - First quarter 1994 - Fourth quarter 1994 | ||
| 260 |
_aLondon _bJones Lang Wootton _c1994-95 |
||
| 300 | _a4 pt. ; 30cm. | ||
| 350 | _a0 | ||
| 650 | _aOFFICES | ||
| 650 | _aWEST END OF LONDON | ||
| 690 | _aPROPERTY-COMMERCIAL PROPERTY | ||
| 942 | _n0 | ||
| 948 | _c04/03/1997 | ||
| 999 |
_c92261 _d92261 |
||